000 00569nam a2200217Ia 4500
003 OSt
005 20220926040720.0
006 a|||||r|||| 00| 0
007 ta
008 220923b |||||||| |||| 00| 0 eng d
037 _cGeneral Book
040 _aRTL
_cRTL
_beng
041 _2eng
_aeng
082 _aX:8J:(V1), K6
100 _aNormanton E L
_9344010
245 0 _aAccountability and audit and governments
_b A compar
260 _c1966
650 _aAudit
942 _hX:8J:(V1), K6
_cGB
_2CC
999 _c665474
_d665474